000
00241 a2200097 4500
001
34641
100
_a
Kotecha, Harshad
245
_a
All about computers in easy steps
260
_a
New Delhi
_b
Dream Tech Press
_c
2001
090
_c
22924
_d
22924
942
_a
NUST-CAE
_c
M
_c
14363
999
_c
269714
_d
269714